| 000 | 00809nam a2200169 i 4500 | ||
|---|---|---|---|
| 001 | 26383 | ||
| 003 | ES-MaACL | ||
| 005 | 20230906153431.0 | ||
| 007 | t| | ||
| 008 | 190509s1842 sp ||||1| spa d | ||
| 100 | 1 |
_aKersten, Carlos. _9167000 |
|
| 245 | 1 | 0 |
_aInforme sobre la composición química y el contenido de plata y plomo de los minerales de sierra Almagrera y sobre su tratamiento metalúrgico / _cpor Carlos Kersten. |
| 260 |
_aAlmería : _b[s.n.], _c1842 ( _fImp. y Librería de Ramón González) |
||
| 300 |
_a8 p. ; _c20 cm. |
||
| 650 | 4 |
_aMinerales- _zSierra de Almagrera (Almería) _9167001 |
|
| 852 |
_aES-MaACL _jB-8924(4).- _zLegado de Federico de Botella y de Hornos _z.- Encuadernado en un vol. facticio agrupado con el nombre en el lomo: España, geología, memorias y documentos varios 1 a 8 |
||
| 999 |
_c26383 _d26383 |
||